|
|
|
|
| LEADER |
00000ny a22000003n 4500 |
| 005 |
2011060805435.0 |
| 008 |
041022s2007 sp 000 0 spa d |
| 020 |
|
|
|a 9788471114358
|
| 035 |
|
|
|a 1754
|
| 040 |
|
|
|a BUS
|d vLex
|
| 080 |
|
|
|a 349.6(460)
|
| 090 |
|
|
|c 574
|d 574
|
| 100 |
1 |
|
|a Agudo Gonzl̀ez, Jorge
|
| 245 |
1 |
3 |
|a El control de contaminacin̤
|h [Recurso electrn̤ico]
|b tčnicas jurd̕icas de proteccin̤ medioambiental /
|c Jorge Agudo Gonzl̀ez
|
| 256 |
|
|
|a Servicio en ln̕ea
|
| 260 |
|
|
|a Madrid :
|b Montecorvo,
|c 2007
|
| 300 |
|
|
|a p.;
|c cm
|
| 506 |
1 |
|
|a Contenido solo disponible en los productos indicados
|d vLex Global
|d vLex Global (Academic Edition, excluding Law Schools)
|d vLex Global (U.S. Academic Edition, Law Schools)
|d vLex Global (U.S. Academic Edition, excluding Law Schools)
|d vLex Global (Academic Edition, Law Schools)
|
| 650 |
0 |
7 |
|2 Tesauro vLex
|a Ambiental
|
| 650 |
0 |
7 |
|2 Tesauro vLex
|a Derecho medioambiental
|
| 650 |
0 |
7 |
|2 Tesauro vLex
|a Medio ambiente
|
| 650 |
0 |
7 |
|2 Tesauro vLex
|a Control
|
| 650 |
0 |
7 |
|2 Tesauro vLex
|a Contaminacin̤ ambiental
|
| 740 |
0 |
|
|a vLex Libros (Servicios en ln̕ea)
|
| 856 |
4 |
0 |
|z Acceso restringido
|u http://vlex.com/source/control-contaminacion-proteccion-medioambiental-1754
|
| 942 |
|
|
|c BOOK
|
| 999 |
0 |
|
|a Environmental law
|b Madrid
|